[Event "ch-FRA Blitz Online Qual"]
[Site "Europe-Chess INT"]
[Date "2020.05.16"]
[Round "11"]
[White "Di Nicolantonio, Lucas"]
[Black "Doluhanova, Evgeniya"]
[Result "1/2-1/2"]
[WhiteTitle "IM"]
[BlackTitle "WGM"]
[WhiteElo "2414"]
[BlackElo "2229"]
[WhiteFideId "680460"]
[BlackFideId "14112035"]
[EventDate "2020.05.16"]

1. e4 e5 2. Nf3 Nc6 3. d4 exd4 4. Nxd4 Nf6 5. Nc3 Bb4 6. Nxc6 dxc6 7. Qxd8+ Kxd8
8. Bd2 Be6 9. O-O-O Ke8 10. f3 Rd8 11. a3 Bc5 12. g4 Nd7 13. Bf4 Rc8 14. h4 Ke7
15. h5 Bd6 16. Be3 Ne5 17. Be2 Nc4 18. Bxc4 Bxc4 19. Rhe1 Be6 20. Kb1 Rhd8 21.
h6 g6 22. Bd4 Bf4 23. Bc5+ Ke8 24. Be3 Bxe3 25. Rxe3 Rxd1+ 26. Nxd1 Rd8 27. Kc1
Ke7 28. g5 f6 29. gxf6+ Kxf6 30. Nf2 Kg5 31. Nd3 Kxh6 32. f4 Kg7 33. Nc5 Bc8 34.
e5 h5 35. Ne4 h4 36. Ng5 Rh8 37. e6 Kf6 38. Kd2 Ke7 39. Ke1 Rf8 40. Rf3 Bxe6 41.
Re3 Rf6 42. Re4 Kd6 43. Rd4+ Ke7 44. Re4 Kd7 45. Rd4+ Ke7 46. Re4 1/2-1/2

[Event "ch-FRA Blitz Online Qual"]
[Site "Europe-Chess INT"]
[Date "2020.05.16"]
[Round "11"]
[White "Maisuradze, Nino"]
[Black "Philippe, Guillaume"]
[Result "0-1"]
[WhiteTitle "WGM"]
[BlackTitle "IM"]
[WhiteElo "2214"]
[BlackElo "2354"]
[WhiteFideId "13601717"]
[BlackFideId "36048763"]
[EventDate "2020.05.16"]

1. d4 Nf6 2. c4 e6 3. Nc3 Bb4 4. e3 c5 5. Ne2 b6 6. a3 Ba5 7. Rb1 Na6 8. Bd2 O-O
9. Nb5 Bxd2+ 10. Qxd2 d5 11. Nf4 Bb7 12. cxd5 Nxd5 13. Nxd5 Bxd5 14. Nc3 Bb7 15.
dxc5 Nxc5 16. b4 Ne4 17. Nxe4 Bxe4 18. Rd1 Qh4 19. g3 Qf6 20. Rg1 Rad8 21. Qc1
Rc8 22. Qa1 Qf5 23. Rc1 e5 24. Bc4 Bd3 25. Bxd3 Qxd3 26. Rd1 Qe4 27. Rc1 h6 28.
Ke2 Qg4+ 29. f3 Qh3 30. Qxe5 Qxh2+ 31. Kd3 Rcd8+ 32. Kc3 b5 33. Kb3 Rd3+ 34. Rc3
Rfd8 35. Rc1 Qd2 36. Rc2 Qd1 37. Qc7 Qb1+ 38. Rb2 Rxc3+ 39. Qxc3 Qd1+ 40. Ka2 g6
41. Rc2 Rd3 42. Qc8+ Kg7 43. e4 Qxf3 44. Qa6 Qxe4 45. Qxb5 Re3 46. g4 Qxc2+ 0-1

[Event "ch-FRA Blitz Online Qual"]
[Site "Europe-Chess INT"]
[Date "2020.05.16"]
[Round "11"]
[White "Brunner, Nicolas"]
[Black "Pucher, Sebastien"]
[Result "1-0"]
[WhiteTitle "IM"]
[BlackTitle "FM"]
[WhiteElo "2428"]
[BlackElo "2322"]
[WhiteFideId "620246"]
[BlackFideId "627232"]
[EventDate "2020.05.16"]

1. d4 g6 2. c4 Bg7 3. e4 Nc6 4. Nf3 d6 5. d5 Ne5 6. Nxe5 Bxe5 7. Be2 c5 8. O-O
Nf6 9. Nd2 O-O 10. f4 Bd4+ 11. Kh1 Be3 12. Bf3 Bxf4 13. g3 Bh6 14. Rb1 Nd7 15.
b4 cxb4 16. Rxb4 Nc5 17. Nb3 Bxc1 18. Nxc1 f5 19. exf5 Bxf5 20. Qd4 Qd7 21. Re1
Bh3 22. Bg2 Rf7 23. Rb2 Raf8 24. Rbe2 Bxg2+ 25. Kxg2 Qf5 26. Qe3 Qf6 27. Nb3
Nxb3 28. axb3 a6 29. Qe4 Kg7 30. Qe3 Kg8 31. Qd3 Qf5 32. Qxf5 Rxf5 33. Rxe7 Rf2+
34. Kh3 R8f7 35. R7e6 R2f3 36. Rxd6 Rxb3 37. Rd8+ Kg7 38. d6 Rd3 39. c5 h5 40.
Re7 Kf6 41. Rxf7+ Kxf7 42. Rd7+ Ke6 43. Rxb7 Rc3 44. Rc7 a5 45. d7 Ke7 46. c6 a4
47. Rc8 Rd3 48. Re8+ 1-0

[Event "ch-FRA Blitz Online Qual"]
[Site "Europe-Chess INT"]
[Date "2020.05.16"]
[Round "11"]
[White "Ellis, Antoine"]
[Black "Okhotnik, Vladimir"]
[Result "1/2-1/2"]
[BlackTitle "GM"]
[WhiteElo "2066"]
[BlackElo "2359"]
[WhiteFideId "36019992"]
[BlackFideId "14101289"]
[EventDate "2020.05.16"]

1. d4 g6 2. e4 Bg7 3. c4 c6 4. Nc3 d5 5. cxd5 cxd5 6. exd5 Nf6 7. Bc4 O-O 8. Nf3
Nbd7 9. d6 exd6 10. O-O Nb6 11. Bb3 Re8 12. h3 Be6 13. d5 Bd7 14. Bf4 Bf5 15.
Re1 Rxe1+ 16. Qxe1 Qd7 17. a4 Rc8 18. Qe2 Re8 19. Qb5 Nc8 20. Rd1 a6 21. Qxd7
Bxd7 22. Kf1 Ne4 23. Rc1 Nc5 24. Bc2 Bf5 25. Bxf5 gxf5 26. Re1 Rxe1+ 27. Nxe1
Bxc3 28. bxc3 Nxa4 29. Bd2 Nab6 30. Nf3 Nxd5 31. Nh4 b5 32. Nxf5 a5 33. Ke2 a4
34. Kd3 f6 35. c4 Nc7 36. cxb5 Nxb5 37. Kc4 Nca7 38. Bb4 d5+ 39. Kxd5 a3 40.
Bxa3 Nxa3 41. Ke6 Nc6 42. Kxf6 Nc4 43. f4 Nd2 44. Ne7+ Nxe7 45. Kxe7 Kg7 46. g4
Ne4 47. f5 h6 48. h4 Nf6 49. g5 Nd5+ 50. Kd6 hxg5 51. hxg5 Ne3 52. f6+ Kf7 53.
g6+ Kxf6 54. g7 Nf5+ 55. Kd5 Nxg7 1/2-1/2

[Event "ch-FRA Blitz Online Qual"]
[Site "Europe-Chess INT"]
[Date "2020.05.16"]
[Round "11"]
[White "Burgalat, Eliot"]
[Black "Cotonnec, Melkior"]
[Result "0-1"]
[BlackTitle "IM"]
[WhiteElo "1963"]
[BlackElo "2300"]
[WhiteFideId "36068659"]
[BlackFideId "633275"]
[EventDate "2020.05.16"]

1. Nf3 d5 2. d4 Nf6 3. c4 c6 4. Nc3 dxc4 5. a4 Be6 6. e4 g6 7. Ne5 Bg7 8. Bxc4
Bxc4 9. Nxc4 O-O 10. O-O Na6 11. Be3 Nb4 12. a5 Qd7 13. f3 Rfd8 14. Qb3 c5 15.
Ne5 Qe6 16. Qxe6 fxe6 17. Rad1 Nc2 18. Bf2 Nxd4 19. Bxd4 cxd4 20. Nb5 Nd7 21.
Nxd7 Rxd7 22. f4 e5 23. f5 Bh6 24. Na3 Rc8 25. Rf3 Rdc7 26. Nb5 Rc1 27. Rxc1
Be3+ 28. Kf1 Rxc1+ 29. Ke2 Rc2+ 30. Kd3 Rxb2 31. Nxa7 Rxg2 32. Nc8 Rd2+ 33. Kc4
Rc2+ 34. Kd5 Rxc8 35. Ke6 Bg5 36. fxg6 hxg6 37. Rg3 Bf6 38. Rxg6+ Kh7 39. Rg3
Rc3 40. Rg4 d3 41. Rg1 d2 42. Rd1 Bg5 43. Kxe5 Rc1 44. h4 Rxd1 45. hxg5 Re1 0-1

[Event "ch-FRA Blitz Online Qual"]
[Site "Europe-Chess INT"]
[Date "2020.05.16"]
[Round "11"]
[White "Guillemart, Serge"]
[Black "Migot, Tangi"]
[Result "0-1"]
[BlackTitle "IM"]
[WhiteElo "2107"]
[BlackElo "2351"]
[WhiteFideId "26015579"]
[BlackFideId "662445"]
[EventDate "2020.05.16"]

1. e4 c5 2. Nf3 Nc6 3. Bb5 e6 4. c4 Nge7 5. O-O a6 6. Ba4 Ng6 7. d4 cxd4 8. Nxd4
Bc5 9. Be3 Nxd4 10. Bxd4 Bxd4 11. Qxd4 O-O 12. Nc3 f6 13. Rad1 Qc7 14. Bxd7 Rd8
15. Bxc8 Rxd4 16. Bxe6+ Kf8 17. Rxd4 Qe5 18. Rfd1 Qxe6 19. Nd5 Rc8 20. b3 h5 21.
f3 h4 22. Ne3 Ne7 23. Rd7 Qb6 24. Kf2 Ng6 25. Ke2 Nf4+ 26. Kf2 a5 27. g3 hxg3+
28. hxg3 Ne6 29. Ke2 Nc5 30. R7d6 Qb4 31. Nd5 Qa3 32. Rd2 Qc1 33. Ne3 Qh1 34.
Nf5 Qg2+ 35. Ke3 Qg1+ 36. Kf4 Re8 37. Kg4 Ne6 38. Rd7 Qh1 39. Nd6 g6 40. Rf7+
Kg8 41. Rxf6 Qh5# 0-1

[Event "ch-FRA Blitz Online Qual"]
[Site "Europe-Chess INT"]
[Date "2020.05.16"]
[Round "11"]
[White "Breuil, Tristan"]
[Black "Fantinel, Thibault"]
[Result "0-1"]
[BlackTitle "IM"]
[WhiteElo "1898"]
[BlackElo "2375"]
[WhiteFideId "45163685"]
[BlackFideId "663395"]
[EventDate "2020.05.16"]

1. e4 c5 2. Nf3 Nc6 3. d4 cxd4 4. Nxd4 e5 5. Nb5 d6 6. c4 Be7 7. N5c3 Nf6 8. Bd3
O-O 9. Nd5 Nd7 10. Nxe7+ Qxe7 11. Nc3 Nc5 12. Bb1 Be6 13. Nd5 Bxd5 14. exd5 Nd8
15. Be3 f5 16. g4 e4 17. Bxc5 dxc5 18. d6 Qe5 19. Qe2 Nf7 20. gxf5 Nxd6 21. Bc2
Qxb2 22. O-O Rxf5 23. Kh1 Qf6 24. Bxe4 Re8 25. f3 Nxe4 26. fxe4 Rxe4 27. Qd3 Qc6
28. Rf3 Rxf3 29. Qxf3 Re1+ 30. Rxe1 Qxf3+ 31. Kg1 Qg4+ 32. Kf2 Qxc4 33. Re8+ Kf7
34. Rb8 Qd5 35. Ra8 a6 36. Rh8 h5 37. h4 Qd4+ 38. Kg3 Qg4+ 39. Kf2 Qxh4+ 40. Ke3
Qg4 0-1

[Event "ch-FRA Blitz Online Qual"]
[Site "Europe-Chess INT"]
[Date "2020.05.16"]
[Round "11"]
[White "Moracchini, Margaux"]
[Black "Bulmaga, Irina"]
[Result "0-1"]
[BlackTitle "IM"]
[WhiteElo "1933"]
[BlackElo "2440"]
[WhiteFideId "36018198"]
[BlackFideId "13903063"]
[EventDate "2020.05.16"]

1. e4 Nf6 2. e5 Nd5 3. c4 Nb6 4. d4 d6 5. exd6 cxd6 6. Nc3 g6 7. Bd3 Bg7 8. Nge2
Bg4 9. Be3 d5 10. b3 O-O 11. O-O Nc6 12. h3 Bxe2 13. Nxe2 dxc4 14. bxc4 Nxd4 15.
Nxd4 Bxd4 16. Bxd4 Qxd4 17. Rc1 Rac8 18. Qe2 e5 19. Rfd1 Qc5 20. Re1 Rfe8 21.
Qe4 Rc7 22. Rb1 f5 23. Qh4 e4 24. Bf1 Nxc4 25. Rec1 b5 26. a4 a6 27. axb5 axb5
28. Qf6 Rc6 29. Qc3 Rec8 30. Qb3 e3 31. Bxc4+ bxc4 32. Qxe3 Qxe3 33. fxe3 Kf7
34. Rc3 Ke6 35. Kf2 Rd8 36. Rbc1 Rd2+ 37. Kf3 Kd5 38. g4 Rd3 39. gxf5 gxf5 40.
Kf4 Rd2 41. Kxf5 Rf2+ 42. Kg4 Rg6+ 43. Kh5 Rc6 44. Kg4 Rg6+ 45. Kh5 Rf5+ 46. Kh4
Rc6 47. Kg4 Re5 48. Kf3 h5 49. Rd1+ Kc5 50. Rdc1 Kb4 51. Kf4 Ra5 52. e4 Rf6+ 53.
Ke3 Rc6 54. Kd4 Rd6+ 55. Ke3 Rc5 56. h4 Rg6 57. Kf4 Rg4+ 58. Kf3 Rxh4 59. Kg3
Rg4+ 60. Kf3 Rh4 61. R1c2 Rh3+ 62. Kf4 Rxc3 63. Rxc3 Kxc3 64. e5 Rxe5 65. Kxe5
Kd3 0-1

[Event "ch-FRA Blitz Online Qual"]
[Site "Europe-Chess INT"]
[Date "2020.05.16"]
[Round "11"]
[White "Degraeve, Remy"]
[Black "Derige Kane, Yan"]
[Result "0-1"]
[WhiteTitle "FM"]
[WhiteElo "2328"]
[BlackElo "2236"]
[WhiteFideId "26024560"]
[BlackFideId "20665431"]
[EventDate "2020.05.16"]

1. d4 Nf6 2. c4 e6 3. Nc3 Bb4 4. f3 c5 5. d5 d6 6. e4 b5 7. Bd2 bxc4 8. Bxc4
exd5 9. Nxd5 Bxd2+ 10. Qxd2 O-O 11. Ne2 Nc6 12. O-O Ne5 13. Nxf6+ Qxf6 14. Bd5
Rb8 15. Nc3 Ba6 16. Rfd1 Nd3 17. Qe3 Nxb2 18. Rd2 Nc4 19. Bxc4 Bxc4 20. Rad1
Rfd8 21. Nd5 Bxd5 22. Rxd5 h6 23. Qd3 Rb2 24. Rd2 Rxd2 25. Qxd2 Rb8 26. Qd3 Qa1+
27. Kf2 Qxa2+ 28. Kg3 c4 29. Qd4 Rb2 30. Rxd6 Rxg2+ 31. Kf4 Rxh2 32. Rd8+ Kh7
33. Qg1 Rh4+ 34. Kg3 Rh5 35. Kf4 Rg5 36. Qh1 Qa6 37. Ke3 Qb6+ 38. Kf4 Qxd8 39.
e5 Qd4# 0-1

[Event "ch-FRA Blitz Online Qual"]
[Site "Europe-Chess INT"]
[Date "2020.05.16"]
[Round "11"]
[White "Calistri, Tristan"]
[Black "Pigeat, Alexandre"]
[Result "0-1"]
[WhiteTitle "IM"]
[BlackTitle "FM"]
[WhiteElo "2288"]
[BlackElo "2293"]
[WhiteFideId "607843"]
[BlackFideId "20649444"]
[EventDate "2020.05.16"]

1. e4 e6 2. d3 d5 3. Nd2 Nf6 4. Ngf3 Bc5 5. c3 dxe4 6. dxe4 Ng4 7. Nd4 e5 8.
N2b3 Bb6 9. Be2 Nxf2 10. Kxf2 Qh4+ 11. g3 Qf6+ 12. Kg2 exd4 13. Rf1 Qe7 14. cxd4
O-O 15. Bd3 Nc6 16. Be3 Rd8 17. Bc4 Qxe4+ 18. Qf3 Qxf3+ 19. Rxf3 Be6 20. d5 Bxd5
21. Bxd5 Rxd5 22. Raf1 f6 0-1

[Event "ch-FRA Blitz Online Qual"]
[Site "Europe-Chess INT"]
[Date "2020.05.16"]
[Round "11"]
[White "Stephan, Victor"]
[Black "Labrande, Theodore"]
[Result "1-0"]
[WhiteTitle "IM"]
[WhiteElo "2439"]
[BlackElo "2077"]
[WhiteFideId "656666"]
[BlackFideId "36045780"]
[EventDate "2020.05.16"]

1. d4 d5 2. c4 e6 3. Nc3 Nf6 4. cxd5 exd5 5. Bg5 Be7 6. e3 c6 7. Bd3 h6 8. Bh4
O-O 9. Nf3 a5 10. Qc2 Nh5 11. Bxe7 Qxe7 12. O-O Na6 13. a3 Nc7 14. Rfe1 Ne6 15.
Ne5 Nf6 16. f4 Nd7 17. Rf1 Nxe5 18. fxe5 f6 19. exf6 Rxf6 20. Rxf6 Qxf6 21. Rf1
Qe7 22. Bh7+ Kh8 23. Bg6 Ng5 24. h4 Qxe3+ 25. Kh1 Ne6 26. Qf5 Bd7 27. Qf7 Qg3
28. Qxd7 Qxg6 29. Qxb7 Rg8 30. Qxc6 Qd3 31. Rf3 Nxd4 32. Qxh6+ gxh6 33. Rxd3 Nf5
34. Rxd5 Nxh4 35. Rh5 Nxg2 36. Rxh6+ Kg7 37. Re6 Nf4 38. Rb6 Nd3 39. Kg2 Kf7+
40. Kf3 Rh8 41. Ke3 Nc5 42. Kd4 Ne6+ 43. Kc4 Rh4+ 44. Kb5 Rh5+ 45. Ka4 Ke7 46.
Rb5 Nc5+ 47. Kxa5 Kd7 48. b4 Nb3+ 49. Ka4 Rxb5 50. Nxb5 Nd2 51. Nd4 Kc7 52. Kb5
Ne4 53. a4 Kb7 54. a5 Nc3+ 55. Kc4 Ne4 56. Nb3 Nd6+ 57. Kc5 Ne4+ 58. Kb5 Nc3+
59. Kc4 Ne4 60. Nc5+ Nxc5 61. Kxc5 Ka6 62. Kc6 Ka7 63. b5 Kb8 64. b6 Ka8 65. b7+
Kb8 66. a6 Ka7 67. Kc7 Kxa6 68. b8=Q Ka5 69. Qb3 Ka6 70. Qb6# 1-0

[Event "ch-FRA Blitz Online Qual"]
[Site "Europe-Chess INT"]
[Date "2020.05.16"]
[Round "11"]
[White "Shirazi, Kamran"]
[Black "Rebut, Paul"]
[Result "1-0"]
[WhiteTitle "IM"]
[WhiteElo "2355"]
[BlackElo "1966"]
[WhiteFideId "2000733"]
[BlackFideId "45111057"]
[EventDate "2020.05.16"]

1. e4 d5 2. exd5 Qxd5 3. Nc3 Qa5 4. b4 Qxb4 5. Rb1 Qa5 6. Nf3 c6 7. Bc4 e6 8.
O-O Be7 9. Ne4 Nd7 10. d4 Ngf6 11. Neg5 h6 12. Bd2 Qc7 13. Nh3 O-O 14. Re1 Nb6
15. Bd3 Nbd5 16. c4 Nb6 17. Qc1 c5 18. Bxh6 gxh6 19. Qxh6 cxd4 20. Re5 Qxe5 21.
Nxe5 Bd6 22. Qxf6 1-0

[Event "ch-FRA Blitz Online Qual"]
[Site "Europe-Chess INT"]
[Date "2020.05.16"]
[Round "11"]
[White "Miralles, Gilles"]
[Black "Sesia, Noah"]
[Result "1-0"]
[WhiteTitle "GM"]
[WhiteElo "2418"]
[BlackElo "1822"]
[WhiteFideId "600059"]
[BlackFideId "26066904"]
[EventDate "2020.05.16"]

1. d4 e6 2. Nf3 d5 3. c4 Nf6 4. g3 c5 5. cxd5 exd5 6. Bg2 Nc6 7. Nc3 Be6 8. O-O
Be7 9. dxc5 Bxc5 10. Bg5 O-O 11. Rc1 Be7 12. Na4 Rc8 13. Nc5 Qb6 14. Nxe6 fxe6
15. b3 Rfd8 16. Bh3 Kf7 17. Be3 Qa5 18. Ng5+ Kg8 19. Bxe6+ Kh8 20. Nf7+ Kg8 21.
Nxd8+ 1-0

[Event "ch-FRA Blitz Online Qual"]
[Site "Europe-Chess INT"]
[Date "2020.05.16"]
[Round "11"]
[White "Samoun, Florent"]
[Black "Shchekachev, Andrei"]
[Result "1/2-1/2"]
[WhiteTitle "FM"]
[BlackTitle "GM"]
[WhiteElo "2299"]
[BlackElo "2533"]
[WhiteFideId "664995"]
[BlackFideId "4107730"]
[EventDate "2020.05.16"]

1. c4 g6 2. Nc3 Bg7 3. g3 e5 4. Bg2 d6 5. e3 f5 6. Nge2 Nf6 7. f4 O-O 8. O-O c6
9. b3 a5 10. Bb2 Na6 11. d3 Qe7 12. Qd2 Bd7 13. Rae1 Rae8 14. h3 b5 15. cxb5
cxb5 16. Nd5 Nxd5 17. Bxd5+ Kh8 18. Qxa5 Nc5 19. Qd2 Be6 20. Bg2 Qa7 21. Bc3 Qb6
22. d4 Ne4 23. Bxe4 fxe4 24. fxe5 dxe5 25. Kh2 b4 26. Bxb4 Rxf1 27. Rxf1 exd4
28. Nxd4 Bxd4 29. Qxd4+ Qxd4 30. exd4 e3 31. Re1 Bd5 32. Bd6 Re4 33. Be5+ Kg8
34. g4 e2 35. Kg3 Bb7 36. Kf2 Ba6 37. a4 Kf7 38. b4 Bd3 39. b5 Ke6 40. b6 Ba6
41. a5 Kd5 42. Rc1 h5 43. gxh5 gxh5 44. Ke1 Re3 45. Rc5+ Ke4 46. Rc2 Ra3 47.
Rxe2+ Bxe2 48. Kxe2 Ra2+ 49. Kd1 Kd3 50. Kc1 Ra1+ 51. Kb2 Rxa5 52. Bc7 Rb5+ 53.
Ka3 Kxd4 54. Ka4 Kc4 55. Ka3 Rb3+ 56. Ka4 Rb1 57. Ka3 Rb5 58. h4 Ra5+ 59. Kb2
Rb5+ 60. Kc2 Kd5 61. Kc3 Kc6 62. Kd3 Rb4 63. Bd8 Kd7 64. Bg5 Rxb6 65. Ke4 Ke6
66. Kf4 Rb4+ 67. Kg3 Kf5 68. Kh2 Rb3 69. Bd8 Kg4 70. Be7 Rb2+ 71. Kh1 Re2 72.
Bd8 Rd2 73. Be7 Kg3 74. Bc5 Kxh4 75. Bb6 Kh3 76. Ba7 Rh2+ 77. Kg1 Rg2+ 78. Kh1
Rb2 79. Bc5 h4 80. Ba7 Kg3 81. Bc5 Rc2 82. Ba7 Rh2+ 83. Kg1 Rg2+ 84. Kh1 Rc2 85.
Bd4 Kg4 86. Ba7 Kg3 1/2-1/2

[Event "ch-FRA Blitz Online Qual"]
[Site "Europe-Chess INT"]
[Date "2020.05.16"]
[Round "11"]
[White "Lucas, Arthur"]
[Black "Joie, Sebastien"]
[Result "0-1"]
[WhiteTitle "FM"]
[BlackTitle "IM"]
[WhiteElo "2283"]
[BlackElo "2393"]
[WhiteFideId "26093073"]
[BlackFideId "650420"]
[EventDate "2020.05.16"]

1. e4 c6 2. d4 d5 3. e5 Bf5 4. h4 h5 5. Bg5 Qb6 6. Bd3 Qxd4 7. Nf3 Qg4 8. Bxf5
Qxf5 9. O-O f6 10. c4 fxg5 11. cxd5 g4 12. Ng5 cxd5 13. Qxd5 Nc6 14. Nc3 Rd8 15.
Qb5 e6 16. Qxb7 Nge7 17. Nb5 Na5 18. Nc7+ Kd7 19. Rfd1+ Nd5 20. Rxd5+ exd5 21.
Qxd5+ Kxc7 22. Rc1+ Bc5 23. Qxc5+ Kb8 24. Qc7+ Ka8 25. Qxa5 Rhe8 26. Qc7 Qxe5
27. Qxe5 Rxe5 28. Rc7 Re1+ 29. Kh2 Re2 30. Rxg7 Rxf2 31. Ne4 Rxb2 32. Rg5 Re8
33. Nf6 Ree2 34. Kg3 Rxg2+ 35. Kf4 Rgf2+ 36. Ke5 Rb5+ 37. Nd5 Rd2 38. Ke4 Rdxd5
39. Rxd5 Rxd5 40. Kxd5 g3 0-1

[Event "ch-FRA Blitz Online Qual"]
[Site "Europe-Chess INT"]
[Date "2020.05.16"]
[Round "11"]
[White "Cahen, Alexis"]
[Black "Efimov, Igor"]
[Result "0-1"]
[BlackTitle "GM"]
[WhiteElo "2122"]
[BlackElo "2409"]
[WhiteFideId "26076918"]
[BlackFideId "806404"]
[EventDate "2020.05.16"]

1. e4 c5 2. Ne2 Nc6 3. c4 Nf6 4. Nbc3 e6 5. g3 h5 6. Bg2 h4 7. O-O hxg3 8. hxg3
Be7 9. d4 cxd4 10. Nxd4 Ne5 11. b3 a6 12. Bf4 Ng6 13. Be3 d6 14. f4 Bd7 15. Bf3
Qa5 16. Qd2 O-O-O 17. Kg2 Kb8 18. Rh1 e5 19. Nf5 exf4 20. Bxf4 Bxf5 21. exf5
Qxf5 22. Rxh8 Rxh8 23. Bxd6+ Ka8 24. Bxe7 Nxe7 25. Qe2 Ng6 26. Rh1 Re8 27. Qf2
Ng4 28. Bxb7+ Kxb7 29. Qxf5 Ne3+ 30. Kf3 Nxf5 31. Nd5 Nd4+ 32. Kg4 Ne5+ 33. Kf4
Nd3+ 34. Kg5 Ne6+ 35. Kf5 Nd4+ 36. Kg4 Nf2+ 0-1

[Event "ch-FRA Blitz Online Qual"]
[Site "Europe-Chess INT"]
[Date "2020.05.16"]
[Round "11"]
[White "Villegas, Pierre"]
[Black "Trabet, Mathis"]
[Result "1-0"]
[WhiteTitle "IM"]
[WhiteElo "2364"]
[BlackElo "2118"]
[WhiteFideId "654183"]
[BlackFideId "36041289"]
[EventDate "2020.05.16"]

1. d4 c5 2. d5 Nf6 3. Nc3 e6 4. e4 exd5 5. Nxd5 Be7 6. Bc4 O-O 7. Nxf6+ Bxf6 8.
Ne2 d6 9. O-O Nc6 10. c3 Rb8 11. Bf4 Be5 12. Qd2 Be6 13. Bd5 Bxd5 14. Qxd5 Kh8
15. Rad1 Qe7 16. Be3 f5 17. f4 Bf6 18. Ng3 fxe4 19. Qxd6 Qf7 20. a3 Rfe8 21.
Qxc5 Rbc8 22. Qb5 b6 23. Rd6 Na5 24. Rd7 Qe6 25. f5 Qa2 26. Nh5 Nc4 27. Nxf6
Nxe3 28. Nxe8 Nxf1 29. Qe5 Qg8 30. Rxg7 Qxe8 31. Re7+ Kg8 32. Rxe8+ Rxe8 33.
Qxe8+ Kg7 34. Kxf1 Kh6 35. Qe6+ Kg5 36. Qxe4 b5 37. h4+ Kf6 38. g4 h5 39. g5+
Kg7 40. Qb7+ Kg8 41. Kf2 b4 42. axb4 a5 43. bxa5 Kf8 44. f6 Ke8 45. g6 Kf8 46.
b3 Ke8 47. c4 Kf8 48. b4 Ke8 49. Qe7# 1-0

[Event "ch-FRA Blitz Online Qual"]
[Site "Europe-Chess INT"]
[Date "2020.05.16"]
[Round "11"]
[White "Debray, Christopher"]
[Black "Dumas, Charles"]
[Result "1-0"]
[WhiteTitle "IM"]
[WhiteElo "2376"]
[BlackElo "2284"]
[WhiteFideId "630810"]
[BlackFideId "675733"]
[EventDate "2020.05.16"]

1. d4 Nf6 2. c4 e6 3. g3 c5 4. Nf3 cxd4 5. Nxd4 d5 6. Bg2 e5 7. Nb3 d4 8. O-O
Nc6 9. f4 exf4 10. Bxf4 Be7 11. Bxc6+ bxc6 12. Qxd4 Bb7 13. Qxd8+ Rxd8 14. Nc3
O-O 15. Rad1 Ba6 16. Na5 Rc8 17. Bd6 Rfe8 18. Bxe7 Rxe7 19. Rd6 Ne4 20. Nxe4
Rxe4 21. b3 Rxe2 22. Rfd1 g6 23. Nxc6 Kg7 24. Nxa7 Rce8 25. R6d2 R2e3 26. Nb5 h5
27. Kf2 R3e5 28. Nc7 Rf5+ 29. Kg1 1-0

[Event "ch-FRA Blitz Online Qual"]
[Site "Europe-Chess INT"]
[Date "2020.05.16"]
[Round "11"]
[White "Robert, Mathias"]
[Black "Navrotescu, Catalin"]
[Result "0-1"]
[BlackTitle "IM"]
[WhiteElo "2140"]
[BlackElo "2348"]
[WhiteFideId "26066769"]
[BlackFideId "1200208"]
[EventDate "2020.05.16"]

1. Nf3 g6 2. e4 Bg7 3. d4 d6 4. Nc3 c6 5. Be3 b5 6. a3 Nd7 7. Qd2 Bb7 8. Be2
Ngf6 9. h3 e5 10. dxe5 dxe5 11. O-O O-O 12. Rfd1 Qe7 13. Qd6 Rfe8 14. b4 Qxd6
15. Rxd6 Bf8 16. Rd2 a5 17. bxa5 Rxa5 18. Rad1 Nc5 19. Rd8 Rxa3 20. Rxe8 Nxe8
21. Rd8 Rxc3 22. Rxe8 Kg7 23. Nxe5 Rxc2 24. Bd1 Rc3 25. Bd4 Nxe4 26. Nd7+ f6 27.
Bxc3 Nxc3 28. Bc2 Bd6 29. Nb6 Nd5 30. Nc8 Bxc8 31. Rxc8 Nb4 32. Rd8 Nxc2 33.
Rxd6 Nb4 34. Kf1 Kf7 35. Ke1 Ke7 36. Rd2 Nd5 37. Kd1 Kd6 38. Ra2 c5 39. Ra7 Ke5
40. Kc2 c4 41. Rb7 b4 42. Rxh7 Kd4 43. Rd7 b3+ 44. Kb2 Kc5 45. g4 Nf4 46. h4
Nd3+ 47. Rxd3 cxd3 48. Kxb3 Kd4 49. h5 gxh5 50. gxh5 Ke4 51. h6 Kf3 52. h7 d2
53. h8=Q d1=Q+ 0-1

[Event "ch-FRA Blitz Online Qual"]
[Site "Europe-Chess INT"]
[Date "2020.05.16"]
[Round "11"]
[White "Djidjeli, Sofiane"]
[Black "Muller, Anthony"]
[Result "0-1"]
[WhiteElo "2209"]
[BlackElo "2278"]
[WhiteFideId "36067520"]
[BlackFideId "20682743"]
[EventDate "2020.05.16"]

1. e4 e6 2. d4 d5 3. Nc3 Nf6 4. Bd3 c5 5. exd5 Nxd5 6. Nf3 Nc6 7. Nxd5 Qxd5 8.
dxc5 Bxc5 9. O-O h6 10. Re1 O-O 11. Qe2 Nd4 12. Nxd4 Bxd4 13. c3 Bf6 14. Bf4 Bd7
15. Rad1 Qc6 16. Bc2 Rfd8 17. Qd3 Be8 18. Bxh6 Rxd3 19. Rxd3 gxh6 20. Rg3+ Kf8
21. Rf3 Bg7 22. h4 Rd8 23. Bb3 Rd2 24. Bxe6 Qxf3 25. gxf3 fxe6 26. Rxe6 Rxb2 27.
f4 Rxa2 28. f5 a5 29. f6 Kf7 30. fxg7 Bc6 31. Rxh6 Kxg7 32. Re6 a4 33. Re1 a3
34. c4 Rb2 35. Ra1 a2 36. Kh2 Ba4 37. c5 Bb3 0-1

[Event "ch-FRA Blitz Online Qual"]
[Site "Europe-Chess INT"]
[Date "2020.05.16"]
[Round "11"]
[White "Macon, Arthur"]
[Black "Nicolas, Guillaume"]
[Result "1-0"]
[WhiteTitle "FM"]
[WhiteElo "2310"]
[BlackElo "2143"]
[WhiteFideId "20654707"]
[BlackFideId "20646607"]
[EventDate "2020.05.16"]

1. Nf3 e6 2. g3 f5 3. Bg2 Nf6 4. O-O Nc6 5. d4 d5 6. c4 Be7 7. b3 O-O 8. Bb2 Ne4
9. Nc3 Bf6 10. e3 Ne7 11. Ne5 c6 12. f3 Nxc3 13. Bxc3 Ng6 14. Nxg6 hxg6 15. e4
dxe4 16. fxe4 c5 17. e5 Bg5 18. d5 Rb8 19. Kh1 b6 20. Qd3 Bb7 21. Rad1 Qe7 22.
a3 a5 23. d6 Qd7 24. Bxb7 Qxb7+ 25. Qf3 Qd7 26. h4 Bh6 27. a4 g5 28. hxg5 Bxg5
29. Kg2 Qf7 30. Rh1 f4 31. g4 Qg6 32. Rd3 Bh6 33. Rh5 Rf5 34. d7 Rxh5 35. d8=Q+
Rxd8 36. Rxd8+ Kh7 37. Qd3 f3+ 38. Kg3 Rf5 39. Be1 Bf4+ 40. Kxf3 Bh2+ 41. gxf5
Qh5+ 42. Kg2 Qh4 43. Bxh4 1-0

[Event "ch-FRA Blitz Online Qual"]
[Site "Europe-Chess INT"]
[Date "2020.05.16"]
[Round "11"]
[White "Kollar, Romain"]
[Black "Claverie, Christophe"]
[Result "0-1"]
[BlackTitle "IM"]
[WhiteElo "2205"]
[BlackElo "2304"]
[WhiteFideId "36017981"]
[BlackFideId "605514"]
[EventDate "2020.05.16"]

1. e4 c5 2. Nf3 g6 3. d4 cxd4 4. Nxd4 Bg7 5. c4 Nc6 6. Be3 Nf6 7. Nc3 d6 8. Be2
O-O 9. O-O Nxd4 10. Bxd4 Be6 11. Qd2 Qa5 12. Rab1 Nxe4 13. Nxe4 Qxd2 14. Nxd2
Bxd4 15. Kh1 Rfc8 16. f4 Bf5 17. Rbe1 Bxb2 18. g4 Be6 19. f5 Bd7 20. Rb1 Bc3 21.
Ne4 Bc6 22. Bf3 Be5 23. fxg6 hxg6 24. Kg2 b6 25. Ng5 Bxf3+ 26. Rxf3 f6 27. Ne6
Rxc4 0-1